000
00332 a2200169 4500
001
195114
020
_a
978-85-16-08542-1
040
_c
Magnum
100
_a
Furnari, Eva
240
1
0
_a
Amarilis
_l
245
1
0
_a
Amarilis
300
_a
32
362
0
_a
2013
440
1
_a
Moderna
697
_a
LITERATURA INFANTO
942
_c
BK
999
_c
195114
_d
195114